000 00616nam a2200205Ii 4500
001 6209
003 CO-ViMGA
008 241108s9999||||xx |||||||||||||| ||und||
040 _aCO-ViMGA
_bspa
_erda
_cCO-ViMGA
041 0 _aunk
082 0 4 _aCh861.64-R741h
100 1 _aJorge Rojas
_955455
245 1 0 _aHomenaje a Pablo Neruda
264 1 _a[Lugar de publicación no identificado] : Instituto Colombiano de Cultura, 1974
300 _avolumen
336 _atext
_btxt
_2rdacontent
337 _aunmediated
_bn
_2rdamedia
338 _avolume
_bnc
_2rdacarrier
940 _aidficha_siabuc: 6062. -- ficha_no_siabuc:6209
999 _c53009
_d53009